00511nam a2200157 i 450000100060000000300090000600500170001500700030003200800410003524500490007626000800012530000360020560000350024165100560027685200210033256607ES-MaACL20230906163417.0t|031010s1934 fr ||||1| fre d00aDimitroff contre Goering b: 2e livre brun. aParis : bÉditions du Carrefour, c1934 (eSaint Amand : fR. Bussiére) a356 p. : bil. facs. ; c19 cm.14aDimitrov, Georgi (d1882-1949) 4aBerlín-xHistoria-y1933 (Incendio del Reichstag) aES-MaACLjA-2564